LIBRARY & INFORMATION CENTRE, KCAET, TAVANUR

ONLINE PUBLIC ACCESS CATALOGUE (OPAC)

Somerset Maugham / (Record no. 1236)

MARC details
000 -LEADER
fixed length control field 00400cam a2200169ua 4500
041 ## - LANGUAGE CODE
Language code of text/sound track or separate title eng
082 ## - DEWEY DECIMAL CLASSIFICATION NUMBER
Classification number 928.23
Item number COR/SO
100 ## - MAIN ENTRY--AUTHOR NAME
Personal name Cordell, Richard .
245 ## - TITLE STATEMENT
Title Somerset Maugham /
260 ## - PUBLICATION, DISTRIBUTION, ETC. (IMPRINT)
Place of publication London :
Name of publisher Heinemann ,
Year of publication 1962.
300 ## - PHYSICAL DESCRIPTION
Number of Pages 250 ; .
942 ## - ADDED ENTRY ELEMENTS (KOHA)
Koha item type Books
Holdings
Withdrawn status Lost status Damaged status Home library Current library Date acquired Full call number Accession Number Koha item type
Withdrawn     KAUAET KAUAET 07/04/2012 928.23 11810 Books
free website counter